000 00403pab a2200157 454500
008 180718b2006 xxu||||| |||| 00| 0 eng d
100 _aRay, Isha
245 _aOutcomes and processes in economics and anthropology
260 _c2006
300 _ap.677-94.
362 _aApr
650 _aAnthropology
650 _aEconomics
773 _aEconomic Development and Cultural Change
909 _a71002
999 _c71002
_d71002